Quan trắc và phân tích chất lượng môi trường biển ven bờ phía bắc Việt Nam

Nội dung sách trình bày quan trắc và phân tích chất lượng môi trường nuwóc biển ven bờ phía bắc Việt Nam; quan trắc và phân tích chất lượng môi trường trầm tích biển ven bờ phía bắc Việt Nam; Quan trắc và phân tích chất lượng môi tru...

Ausführliche Beschreibung

Gespeichert in:
Bibliographische Detailangaben
1. Verfasser: Dương, Thanh Nghị
Format: Buch
Sprache:Undetermined
Veröffentlicht: Hà Nội Khoa học Tự nhiên và Công nghệ 2018
Schlagworte:
Tags: Tag hinzufügen
Keine Tags, Fügen Sie den ersten Tag hinzu!
Thư viện lưu trữ: Trung tâm Học liệu Trường Đại học Cần Thơ
LEADER 01188nam a2200193Ia 4500
001 CTU_229634
008 210402s9999 xx 000 0 und d
082 |a 333.9164 
082 |b Ngh300 
100 |a Dương, Thanh Nghị 
245 0 |a Quan trắc và phân tích chất lượng môi trường biển ven bờ phía bắc Việt Nam 
245 0 |c Dương Thanh Nghị (chủ biên) 
260 |a Hà Nội 
260 |b Khoa học Tự nhiên và Công nghệ 
260 |c 2018 
520 |a Nội dung sách trình bày quan trắc và phân tích chất lượng môi trường nuwóc biển ven bờ phía bắc Việt Nam; quan trắc và phân tích chất lượng môi trường trầm tích biển ven bờ phía bắc Việt Nam; Quan trắc và phân tích chất lượng môi trường sinh vật biển ven bờ phía bắc Việt nam... 
650 |a Environmental monitoring,Water quality,Chất lượng nước,Kiểm soát môi trường 
650 |x Economic aspects 
980 |a Trung tâm Học liệu Trường Đại học Cần Thơ